Carta a El-Rei D. Manuel sobre o achamento do Brasil (Registo nº 6104)

Detalhes MARC
000 -Etiqueta do registo
Valores 00881nam a2200265 4500
010 ## - Número ISBN
ISBN 9789720727473
021 ## - Número do Depósito Legal
Número 456203/19
100 ## - Dados gerais de processamento
Dados gerais 20200221d2019 e y0pory50030103ba
200 1# - Titulo e menção de responsabilidade
Título próprio Carta a El-Rei D. Manuel sobre o achamento do Brasil
Primeira menção de responsabilidade Pero Vaz de Caminha
Outras menções de responsabilidade il. L. Filipe dos Santos
-- rev. cient. (adapt.) Francisco Topa
205 ## - Menção da edição
Edição 1ª ed
210 #9 - Publicação
Local de publicação Porto
Nome do editor Porto Editora,
Data de publicação 2019
215 ## - Descrição física 
Paginação / Volumes 77, [3] p.
Outras indicações físicas il.
Dimensões 20 cm
225 2# - Colecção 
Título próprio da colecção Educação literária
532 12 - Título desenvolvido
Título desenvolvido Carta a El-Rei Dom Manuel sobre o achamento do Brasil
675 ## - CDU
Notação 910.4(469+81)
Edição PT
Língua por
675 ## - CDU
Notação 821.134.3-992
Edição PT
Língua por
675 ## - CDU
Notação 821.134.3-6
Edição PT
Língua por
700 #1 - Autor principal (pessoa individual)
Apelido Caminha,
Nome Pero Vaz de,
Datas 1437-1501
702 #1 - Autor secundário (pessoa individual)
Apelido Santos,
Nome L. Filipe dos
702 #1 - Autor secundário (pessoa individual)
Apelido Topa,
Nome Francisco,
Datas 1966-
801 #0 - Fonte de origem
País PT
Agência BMVN
Regras de catalogação RPC
830 ## - Notas gerais do catalogador
Criado por Sílvia Neutel
Data de criação 14.01.2026
990 ## - Elementos KOHA
Tipo de documento Livro
Exemplares
Situação do levantamento Biblioteca de origem Código de barras Cota Permissão de empréstimo Forma de aquisição
  Biblioteca Escola Secundária de Vendas Novas 200000003331 LP CAM/CAR    

Powered by Koha